00610nam a2200181 a 450000100060000000300090000600800410001502000150005604000280007108200150009910000160011424500350013026000430016530000110020850501450021965000340036465000300039816936CO-ViMGA141112s2004 ck r 000 u spa d a8471124548 aCO-ViMGAbspacCO-ViMGA04a370.4 G7331 aGreen, Lucy10aMúsica, genero y educación aMadríd (Eespaña), cMorata, c2001 a262.p. a1 El significado musical y la practica musical de las mujeres 2 el significado musical marcado por el genero en la educación contemporanea14aMUJERES - educación MUSICAL14aSEXISMO EN LA educación